00548nam a22001697a 4500020001800000040000900018082001400027100002900041245004300070260003400113300001100147650002500158651005500183942002200238999001900260952009900279 a9781934408018 cNUST a158.1,RUI aRuiz, Don Miguel9134443 aThe four agreements /cDon Miguel Ruiz aCaliforniabAmber-Allenc1997 a92.p.; aIdentifying 9134444 abreaking free from self- limiting societal9134445 2ddccBKk155.1RUI c617439d617439 00102ddc4070aMCSbMCScGENd2026-05-13l0o158.1,RUIpMCS38997r2026-05-13w2026-05-13yBK